Statystyki dla Państwa, przez które przepływa Ren.

Kliknij tutaj aby rozwiązać quiz!

Ogólne statystyki

  • Ten quiz został rozwiązany 30 razy
  • Średni wynik to 6 z 6

Statystyki odpowiedzi

Odpowiedź% Poprawnych
4.Niemcy
100%
2.Austria
97%
1.Szwajcaria
97%
5.Francja
93%
6.Holandia
93%
3.Liechtenstein
90%

Rozkład punktacji

Percentyl według liczby udzielonych odpowiedzi

Procent ludzi z każdym wynikiem

Twoja historia wyników

Nie rozwiązałeś tego quizu